| 000 | 01174nac a22002891u 4500 | ||
|---|---|---|---|
| 010 | _a 2001267498 | ||
| 020 | _a186064502X | ||
| 035 | _a(OCoLC)ocm42835729 | ||
| 082 | 0 | 0 |
_a305.420922 _aB _bLAW |
| 090 |
_c7077 _d7077 |
||
| 100 | _aLaw, Cheryl. | ||
| 245 | 1 | 0 |
_aWomen, a modern political dictionary / _cCheryl Law. |
| 260 |
_aLondon ; _aNew York : _bI.B. Tauris,c.2000. _cc.2000. |
||
| 300 |
_axi, 276 p. ; _c25 cm. |
||
| 500 | _aDistributer: Al-Ahram. | ||
| 504 | _aIncludes bibliographical references (p. 252-261). | ||
| 511 | _aCatalogued By: Mahitab. | ||
| 650 | 0 |
_aFeminists _zGreat Britain _vBiography. |
|
| 650 | 0 |
_aFeminists _zUnited States _vBiography. |
|
| 650 | 0 |
_aFeminists _zAustralia _vBiography. |
|
| 650 | 0 |
_aWomen's rights _zGreat Britain. |
|
| 650 | 0 |
_aFeminism _zGreat Britain. |
|
| 856 | 4 | 2 |
_3Contributor biographical information _uhttp://www.loc.gov/catdir/bios/hol057/2001267498.html |
| 856 | 4 | 2 |
_3Publisher description _uhttp://www.loc.gov/catdir/description/hol052/2001267498.html |
| 856 | 4 | 2 |
_3Table of contents _uhttp://www.loc.gov/catdir/toc/hol051/2001267498.html |
| 942 |
_cBB _k305.420922LAW |
||
| 999 |
_c7077 _d7077 |
||